00274nam a2200109Ia 4500008004100000020001500041082001900056100001600075245002600091260003500117300001200152161229s9999 xx 000 0 und d a0684854732 a338.092 BRA/MA aBrands, H W aMasters of enterprise bThe free pressaNew Yorkc1999 axi, 354